How infants know minds / (Record no. 27741)

MARC details
000 -LEADER
fixed length control field 01359nam a2200313 a 4500
005 - DATE AND TIME OF LATEST TRANSACTION
control field 20090622122356.0
008 - FIXED-LENGTH DATA ELEMENTS--GENERAL INFORMATION
fixed length control field 070801s2008 mau b 001 0 eng
010 ## - LCCN (DPL NO)
LC control number ENG-94173
020 ## - INTERNATIONAL STANDARD BOOK NUMBER
International Standard Book Number 9788120337398
Terms of availability 250.00
035 ## - SYSTEM CONTROL NUMBER
System control number EN-77706
037 ## - SOURCE OF ACQUISITION
Source of stock number/acquisition DBAD / PUB
040 ## - CATALOGING SOURCE
Original cataloging agency dpl
Language of cataloging English
082 ## - DEWEY DECIMAL CLASSIFICATION NUMBER
Classification number 155.42282
100 ## - MAIN ENTRY--PERSONAL NAME
Personal name Reddy, Vasudevi
245 ## - TITLE STATEMENT
Title How infants know minds /
Statement of responsibility, etc by Vasudevi Reddy
260 ## - PUBLICATION, DISTRIBUTION, ETC. (IMPRINT)
Place of publication, distribution, etc New Delhi
Name of publisher, distributor, etc PHI Learning
Date of publication, distribution, etc 2009
270 ## - ADDRESS
Address M-97 Connaught Circus
City New Delhi
Postal code 110001
300 ## - PHYSICAL DESCRIPTION
Extent 273 p. ;
Dimensions 25cm(pbk)
500 ## - GENERAL NOTE
General note Includes index.
505 ## - FORMATTED CONTENTS NOTE
Formatted contents note A puzzle -- Minding the gap -- Engaging minds: a second-person approach -- Making contact: imitation -- Opening conversations -- Experiencing attention -- Feeling self-conscious -- Playing with intentions -- Sharing funniness -- Faking in communication --
650 ## - SUBJECT ADDED ENTRY--TOPICAL TERM
Topical term or geographic name as entry element Infant psychology.
650 ## - SUBJECT ADDED ENTRY--TOPICAL TERM
Topical term or geographic name as entry element Social perception in children.
650 ## - SUBJECT ADDED ENTRY--TOPICAL TERM
Topical term or geographic name as entry element Social interaction in infants.
650 ## - SUBJECT ADDED ENTRY--TOPICAL TERM
Topical term or geographic name as entry element Interpersonal relations in children.
650 ## - SUBJECT ADDED ENTRY--TOPICAL TERM
Topical term or geographic name as entry element Other minds (Theory of knowledge)
650 ## - SUBJECT ADDED ENTRY--TOPICAL TERM
Topical term or geographic name as entry element Cognition in infants.
942 ## - ADDED ENTRY ELEMENTS (KOHA)
Source of classification or shelving scheme Dewey Decimal Classification
Item type English Books
Classification part 155.42282
Call number suffix RED
Holdings
Withdrawn status Lost status Source of classification or shelving scheme Damaged status Not for loan Collection code Home library Current library Date acquired Source of acquisition Cost, normal purchase price Total Checkouts Full call number Barcode Date last seen Copy number Cost, replacement price Koha item type
    Dewey Decimal Classification   Not For Loan Non-fiction D.B.Act.Division D.B.Act.Division 22/06/2009 DBAD / PUB 250.00   155.42282 RED EN-77706 22/06/2009 1 250.00 English Books

© Delhi Public Library
Hit Counter
free hit counter